[Event "Challenge"]
[Site "http://www.queenalice.com/game.php?id=450710"]
[Date "2008.8.19"]
[Round "-"]
[White "Rutty"]
[Black "Mazarin55"]
[Result "0-1"]
[WhiteElo "2066"]
[BlackElo "2125"]

1. e4 Nf6 2. e5 Nd5 3. c4 Nb6 4. d4 d6 5. Nc3 dxe5 6. dxe5 Qxd1+ 7. Nxd1 Bf5 8.
Nf3 e6 9. a3 h6 10. b4 Be7 11. Ne3 Be4 12. Be2 a6 13. O-O c6 14. Nd2 Bg6 15. Bb2
N8d7 16. f4 O-O 17. Rad1 c5 18. Bc3 cxb4 19. axb4 Na4 20. Ba1 Bxb4 21. f5 exf5
22. Nxf5 Bxf5 23. Rxf5 Rad8 24. Ne4 Bc5+ 25. Nxc5 Ndxc5 26. Rd5 Ne6 27. Rf3 Nc7
28. Ra5 Rd2 29. Kf2 Ra2 30. Bd4 Rd8 31. Ke3 Ne6 32. Bb6 Rdd2 33. Rxa4 Rxe2+ 34.
Kd3 Rad2+ 35. Kc3 Rxg2 36. Kb4 Rxh2 37. Ka5 Rde2 38. Bg1 Rh5 39. Kb6 Rb2+ 40.
Ka7 Rxe5 41. Bb6 Re4 42. Kxb7 Nc5+ 0-1

[Event "Challenge"]
[Site "http://www.queenalice.com/game.php?id=451720"]
[Date "2008.8.21"]
[Round "-"]
[White "Mazarin55"]
[Black "killtochess"]
[Result "1/2-1/2"]
[WhiteElo "2134"]
[BlackElo "2073"]

1. e4 e5 2. Nf3 Nc6 3. d4 exd4 4. Nxd4 Bc5 5. Be3 Qf6 6. c3 b6 7. Nc2 Bxe3 8.
Nxe3 Nge7 9. Nd2 Bb7 10. Qc2 O-O-O 11. Bd3 d5 12. exd5 Nxd5 13. Nxd5 Rxd5 14.
Nf3 Re8+ 15. Be2 Ba6 16. c4 Nd4 17. Nxd4 Rxd4 18. O-O Bb7 1/2-1/2

[Event "Challenge"]
[Site "http://www.queenalice.com/game.php?id=451721"]
[Date "2008.8.21"]
[Round "-"]
[White "killtochess"]
[Black "Mazarin55"]
[Result "1-0"]
[WhiteElo "2062"]
[BlackElo "2149"]

1. d4 Nf6 2. Bg5 e6 3. Nc3 Be7 4. e4 d6 5. Qd2 Nbd7 6. f4 c5 7. Nf3 cxd4 8. Nxd4
e5 9. Nf5 Nb6 10. Nxe7 Qxe7 11. Bb5+ Bd7 12. O-O Rd8 13. a4 a5 14. Qf2 Bxb5 15.
axb5 Qc7 16. fxe5 h6 17. exf6 hxg5 18. fxg7 Rg8 19. Qf6 Qc5+ 20. Kh1 Rd7 21. Nd5
Nxd5 22. exd5 1-0

[Event "Challenge"]
[Site "http://www.queenalice.com/game.php?id=451736"]
[Date "2008.8.21"]
[Round "-"]
[White "KLEOJ"]
[Black "Mazarin55"]
[Result "1-0"]
[WhiteElo "2079"]
[BlackElo "2150"]

1. Nc3 Nf6 2. e4 d5 3. d4 dxe4 4. f3 exf3 5. Nxf3 e6 6. Bg5 Bd7 7. Qd2 Be7 8.
Bd3 h6 9. Bf4 O-O 10. Bxh6 gxh6 11. Qxh6 1-0

[Event "Challenge"]
[Site "http://www.queenalice.com/game.php?id=456768"]
[Date "2008.9.1"]
[Round "-"]
[White "Rutty"]
[Black "Mazarin55"]
[Result "1/2-1/2"]
[WhiteElo "2021"]
[BlackElo "2117"]

1. e4 Nf6 2. e5 Nd5 3. c4 Nb6 4. d4 d6 5. f4 dxe5 6. fxe5 Nc6 7. Nf3 Bg4 8. Be2
e6 9. b3 Bb4+ 10. Nbd2 Bxf3 11. Bxf3 Qxd4 12. Rb1 Qxe5+ 13. Qe2 Qxe2+ 14. Kxe2
Nd4+ 15. Kf2 Nxf3 16. Nxf3 Nd7 17. Rd1 O-O-O 18. a3 Bd6 19. Bb2 f6 20. b4 Rhf8
21. c5 Bf4 22. g3 Bh6 23. Nd4 Rde8 24. c6 bxc6 25. Nxc6 a6 26. Na7+ Kb7 27. Rxd7
Kxa7 28. Rxc7+ Kb6 29. Rd7 Rd8 30. Rbd1 Rxd7 31. Rxd7 e5 32. Ke2 Re8 33. a4 Rc8
34. Kd3 Kc6 35. Ra7 Rd8+ 36. Kc4 Kb6 37. Rf7 Rd2 38. Bc3 Rxh2 39. Re7 Re2 40.
a5+ Kc6 41. Re6+ Kb7 42. b5 Re4+ 43. Kd5 Re3 44. bxa6+ Ka8 45. Bb4 Rd3+ 46. Kc6
Rd8 47. Bd6 Bd2 48. Kb6 Be3+ 49. Kb5 Bd4 50. Kc6 Rc8+ 51. Bc7 Ka7 52. Kd7 Rf8
53. Bd8 f5 54. Ke7 Bc5+ 55. Kd7 e4 56. Bb6+ Bxb6 57. axb6+ Kxa6 58. Kc7 Rf7+ 59.
Kc6 e3 60. Kd5 Rd7+ 61. Ke5 g6 62. Kf4 e2 63. Kg5 e1=Q 64. Rxe1 Kxb6 65. Rc1 Rd3
66. Kh4 Rd4+ 67. Kh3 h5 68. Rc8 Rd6 69. Kh4 Kb7 70. Rc4 Rd1 1/2-1/2

[Event "Challenge"]
[Site "http://www.queenalice.com/game.php?id=456769"]
[Date "2008.9.1"]
[Round "-"]
[White "Mazarin55"]
[Black "Rutty"]
[Result "1/2-1/2"]
[WhiteElo "2118"]
[BlackElo "2102"]

1. e4 e5 2. Nf3 Nc6 3. d4 exd4 4. Nxd4 d6 5. Be3 Nf6 6. Nd2 a6 7. h3 Nxd4 8.
Bxd4 Be6 9. Bd3 Be7 10. O-O O-O 11. Qf3 c5 12. Be3 b5 13. c4 Rb8 14. cxb5 axb5
15. b3 d5 16. Bf4 dxe4 17. Nxe4 Rb6 18. Rfd1 Qc8 19. Nxf6+ Bxf6 20. Rac1 Rd8 21.
Qh5 g6 22. Rxc5 gxh5 23. Rxc8 Rxc8 24. Be3 Ra6 25. Rd2 Rc1+ 26. Kh2 Ra1 27. a4
Be5+ 28. f4 Bc3 29. Rc2 b4 30. Bxa6 Bxb3 31. Rf2 Bxa4 32. Rf1 Bc2 33. Rxa1 Bxa1
34. Bb5 b3 35. Ba4 1/2-1/2

[Event "Challenge"]
[Site "http://www.queenalice.com/game.php?id=466190"]
[Date "2008.9.21"]
[Round "-"]
[White "Rutty"]
[Black "Mazarin55"]
[Result "0-1"]
[WhiteElo "2031"]
[BlackElo "2137"]

1. d4 Nf6 2. c4 d6 3. Nc3 Nbd7 4. Nf3 c6 5. Bf4 Qc7 6. c5 e5 7. cxd6 Bxd6 8.
dxe5 Nxe5 9. Bxe5 Bxe5 10. Qc2 Bxc3+ 11. Qxc3 O-O 12. e3 Ne4 13. Qc2 Qa5+ 14.
Nd2 Rd8 15. Bd3 Qxd2+ 16. Qxd2 Nxd2 17. Kxd2 Bf5 0-1

[Event "Challenge"]
[Site "http://www.queenalice.com/game.php?id=466191"]
[Date "2008.9.21"]
[Round "-"]
[White "Mazarin55"]
[Black "Rutty"]
[Result "1/2-1/2"]
[WhiteElo "2181"]
[BlackElo "2030"]

1. d4 d5 2. Nf3 Nf6 3. e3 e6 4. Bd3 c5 5. c3 c4 6. Bc2 Nc6 7. Nbd2 Bd6 8. O-O
O-O 9. e4 dxe4 10. Nxe4 h6 11. Nxd6 Qxd6 12. Qe2 b5 13. Re1 Bb7 14. Bd2 Qd5 15.
h3 Ne7 16. Qe5 Qxe5 17. Nxe5 Ned5 18. a4 a6 19. axb5 axb5 20. f3 Rxa1 21. Rxa1
Ra8 22. Rxa8+ Bxa8 23. b3 cxb3 24. Bxb3 Kf8 25. Kf2 Ke7 26. Nd3 Kd6 27. Ne5 Ke7
28. Bc2 Nd7 29. Nxd7 Kxd7 30. Bd3 Kc6 31. g3 f5 32. f4 Nb6 33. Bb1 Nc4 34. Bc1
Bb7 35. Ke2 Kb6 36. Bd3 Bg2 37. h4 Kc6 38. Bxc4 bxc4 39. Ba3 h5 40. Ke3 Kb5
1/2-1/2

[Event "Challenge"]
[Site "http://www.queenalice.com/game.php?id=466203"]
[Date "2008.9.21"]
[Round "-"]
[White "Mazarin55"]
[Black "KLEOJ"]
[Result "1/2-1/2"]
[WhiteElo "2174"]
[BlackElo "2160"]

1. e4 c5 2. Nf3 e6 3. c4 d5 4. exd5 exd5 5. cxd5 Qxd5 6. Nc3 Qd8 7. Bb5+ Bd7 8.
Bxd7+ Qxd7 9. d4 cxd4 10. Qxd4 Qxd4 11. Nxd4 Na6 12. O-O O-O-O 13. Ndb5 Kb8 14.
Bf4+ Ka8 15. Nc7+ Nxc7 16. Bxc7 Rc8 17. Rfd1 Nf6 18. Rac1 Bb4 19. Be5 Rhe8 20.
Bxf6 gxf6 21. Nd5 Rxc1 22. Rxc1 Bd6 23. Nxf6 Rd8 24. Nxh7 Rh8 25. Rd1 Bxh2+ 26.
Kf1 Bb8 27. Ng5 1/2-1/2

[Event "Challenge"]
[Site "http://www.queenalice.com/game.php?id=482725"]
[Date "2008.10.25"]
[Round "-"]
[White "Mazarin55"]
[Black "Ribar"]
[Result "0-1"]
[WhiteElo "2163"]
[BlackElo "2082"]

1. e4 c5 2. Nf3 a6 3. c4 Nc6 4. Nc3 d6 5. d3 Bg4 6. Be2 g6 7. Be3 Bg7 8. O-O e6
9. b3 Bxc3 10. Rc1 Bg7 11. h3 Bxf3 12. Bxf3 Nge7 13. a3 O-O 14. a4 Rb8 15. Re1
Nd4 16. Be2 Nec6 17. f3 b5 18. axb5 axb5 19. Rb1 Qa5 20. Bd2 Qa2 21. cxb5 Rxb5
22. Ra1 Qxa1 23. Qxa1 Nxe2+ 24. Rxe2 Bxa1 0-1

[Event "Challenge"]
[Site "http://www.queenalice.com/game.php?id=482726"]
[Date "2008.10.25"]
[Round "-"]
[White "patoche"]
[Black "Mazarin55"]
[Result "1-0"]
[WhiteElo "2440"]
[BlackElo "2174"]

1. e4 Nf6 2. e5 Nd5 3. d4 d6 4. Nf3 Bg4 5. Be2 dxe5 6. Nxe5 Bxe2 7. Qxe2 e6 8.
Qb5+ c6 9. Qxb7 Nc7 10. Bf4 Bd6 11. Nxc6 Nxc6 12. Qxc6+ Qd7 13. Qxd6 1-0

[Event "Challenge"]
[Site "http://www.queenalice.com/game.php?id=482727"]
[Date "2008.10.25"]
[Round "-"]
[White "Ribar"]
[Black "Mazarin55"]
[Result "1/2-1/2"]
[WhiteElo "2110"]
[BlackElo "2135"]

1. c4 Nf6 2. Nc3 e6 3. Nf3 c5 4. g3 Nc6 5. Bg2 Be7 6. O-O O-O 7. d4 cxd4 8. Nxd4
a6 9. e4 e5 10. Nf5 Re8 11. Bg5 Kf8 12. Nxe7 Nxe7 13. Bxf6 gxf6 14. Qh5 Kg7 15.
f4 Qc7 16. b3 Qc5+ 17. Kh1 d6 18. Nd5 Nxd5 19. exd5 e4 20. Rae1 e3 21. f5 Bd7
22. Rf4 Qb4 23. Re2 Qc3 24. h3 Qd3 25. Bf3 Re5 26. g4 Qd1+ 27. Kg2 Rg8 28. Qh4
b6 29. Qe1 Qxe1 30. Rxe1 Rge8 31. Be2 a5 32. Kf3 h5 33. Bd3 hxg4+ 34. hxg4 Rh8
35. Kg3 Rb8 36. a4 Rc8 37. Kf3 Rh8 38. Kg3 Rc8 39. Re2 Rh8 40. Rf3 Rhe8 41. Kf4
R5e7 42. Rh3 Rh8 43. Rxh8 Kxh8 44. g5 Kg7 45. Rg2 e2 46. Bxe2 Re8 47. g6 Rh8 48.
gxf7+ Kxf7 49. Bg4 Ke7 50. Bf3 Kf7 51. Rg1 Rh3 52. Rh1 Bxf5 53. Kxf5 Rxf3+ 54.
Ke4 Rxb3 55. Rh7+ Kg6 56. Rd7 Rb4 57. Rxd6 Rxc4+ 58. Kd3 Rxa4 59. Rxb6 Ra1 60.
d6 Rd1+ 61. Ke2 Rd5 62. Ra6 Kf5 63. d7 1/2-1/2

[Event "Challenge"]
[Site "http://www.queenalice.com/game.php?id=482728"]
[Date "2008.10.25"]
[Round "-"]
[White "Mazarin55"]
[Black "patoche"]
[Result "0-1"]
[WhiteElo "2168"]
[BlackElo "2445"]

1. e4 Nc6 2. Nf3 d6 3. d4 Nf6 4. e5 dxe5 5. dxe5 Qxd1+ 6. Kxd1 Ng4 7. Ke2 Bf5 8.
c3 O-O-O 9. Ke1 Ngxe5 10. Nxe5 Nxe5 11. Be3 Nd3+ 12. Bxd3 Bxd3 13. Nd2 e5 14.
Nf3 f6 15. Nd2 Be7 16. Kd1 f5 17. f3 Rd7 18. Kc1 Rhd8 19. Nb3 f4 20. Nc5 fxe3
0-1

[Event "Challenge"]
[Site "http://www.queenalice.com/game.php?id=483565"]
[Date "2008.10.26"]
[Round "-"]
[White "Mazarin55"]
[Black "decimator"]
[Result "0-1"]
[WhiteElo "2149"]
[BlackElo "2092"]

1. d4 d5 2. c4 c5 3. cxd5 Qxd5 4. dxc5 Qxd1+ 5. Kxd1 Nc6 6. Nc3 Bg4 7. f3 Bh5 8.
e4 e6 9. Be3 a6 10. a3 Nf6 11. Kc2 Nd7 12. g4 Bg6 13. b4 h6 14. Nge2 Nde5 15.
Bg2 h5 16. h3 hxg4 17. hxg4 Nc4 18. Bf2 Rxh1 19. Bxh1 Rd8 20. Be1 f5 21. Kb3
fxe4 22. Kxc4 exf3 23. Nf4 Rd4+ 24. Kb3 Rxf4 25. Bf2 e5 26. Rd1 e4 27. g5 Rg4
28. Re1 Be7 29. Nd1 Rxg5 30. Ne3 Nd4+ 31. Ka4 Kf8 32. Bh4 Be8+ 33. b5 Bxc5 34.
Bxg5 Bxb5+ 0-1

[Event "Challenge"]
[Site "http://www.queenalice.com/game.php?id=483566"]
[Date "2008.10.26"]
[Round "-"]
[White "decimator"]
[Black "Mazarin55"]
[Result "1-0"]
[WhiteElo "2108"]
[BlackElo "2134"]

1. d4 d5 2. c4 c6 3. Nf3 e6 4. c5 Nf6 5. Nc3 Nbd7 6. Bg5 Be7 7. e3 Qc7 8. Bd3 e5
9. Be2 e4 10. Nd2 Nf8 11. Bf4 Qd8 12. f3 Ne6 13. fxe4 Nxf4 14. exf4 Nxe4 15.
Ncxe4 dxe4 16. Nxe4 Bf5 17. Ng3 Qa5+ 18. Qd2 Qxd2+ 19. Kxd2 Bd7 20. Rae1 O-O-O
21. Bc4 Be6 22. Bxe6+ fxe6 23. Kc3 Bf6 24. Re4 Rd5 25. b4 Rhd8 26. Ne2 Kd7 27.
Rd1 Rh5 28. h3 b5 29. a4 a6 30. axb5 axb5 31. Ra1 Re8 32. Ra7+ Kd8 33. Ra8+ Kd7
34. Rxe8 Kxe8 35. Rxe6+ Kd7 36. Re4 Bh4 37. g3 Bf6 38. h4 Rd5 39. Ng1 h5 40. Nf3
Kd8 41. Kd3 Kd7 42. Re2 Kc7 43. Re8 Rd8 44. Rxd8 Bxd8 45. Ke4 Bf6 46. Kf5 Kd7
47. Kg6 Ke6 48. Kxh5 Kd5 49. g4 Ke4 50. Ne5 Kxd4 51. Nxc6+ Kd5 52. Ne5 Be7 53.
g5 Ke6 54. Kg6 Bf8 55. h5 Ke7 56. f5 Kd8 57. f6 gxf6 58. Kxf6 Be7+ 59. Kg7 Bxg5
60. Nf7+ 1-0